La vida privada de la Publicidad: Un mundo insospechado puesto al descubierto

Gorde:
Xehetasun bibliografikoak
Egile nagusia: Borrini, Alberto (Egilea)
Formatua: Liburua
Hizkuntza:gaztelania
Argitaratua: Buenos Aires Atlántida 1990
Edizioa:2a. ed
Gaiak:
Etiketak: Etiketa erantsi
Etiketarik gabe, Izan zaitez lehena erregistro honi etiketa jartzen!

MARC

LEADER 00000nam a2200000 a 4500
001 UCH3177
003 CL-VaPUC
008 090715e19900820AG |||||||||||||||||spa|d
020 |a 9500808684 
082 0 4 |a 659  |b BOR  |2 21 
100 0 |a Borrini, Alberto  |e author  |9 538404 
245 1 3 |a La vida privada de la Publicidad: Un mundo insospechado puesto al descubierto 
250 |a 2a. ed 
300 |a 430197 p 
942 |c BK 
945 |d 20090715 00:00:00  |a dcastane 
260 |a Buenos Aires  |b Atlántida  |c 1990 
650 0 |a Proceso de comunicación   |9 332060 
650 0 |a Arte comercial   |9 345354 
650 7 |a PUBLICIDAD PERIODISTICA  |2 CL-VaPUC  |9 355746 
650 0 |a Publicidad  |9 314572 
583 |a last modification  |c 20090715 00:00:00  |k Rodrigo Vera 
999 |c 334803  |d 334801